000 00501nam a2200181Ia 4500
001 9561
003 GE_BSU
008 181216s||||||||xx |||||||||||||| ||und||
040 _cGE_BSU
245 _aВопросы культурологии. №3 2014.
245 _cГл. ред.А.В.Агошков и др.
260 _aМосква
260 _c2014
300 _a107стр.26см.
653 _aВопросы культурологии
653 _aპერიოდიკა
942 _cCR
999 _c42853
_d42853